Evaluacion de los medidores domiciliarios del acueducto metropolitano de San Jose

Salvato in:
Dettagli Bibliografici
Autore principale: Acuna Rodriguez, Dora Emilia
Natura: Tesi Libro
Lingua:Undetermined
Pubblicazione: 1984
Soggetti:
> > > > MEDIDORES
Tags: Aggiungi Tag
Nessun Tag, puoi essere il primo ad aggiungerne!!

MARC

LEADER 00000nam a2200000Ia 4500
001 2444
008 140114s9999 xx 000 0 und d
100 |a Acuna Rodriguez, Dora Emilia 
245 |a Evaluacion de los medidores domiciliarios del acueducto metropolitano de San Jose 
260 |c 1984 
500 |a NULL 
502 |a Escuela de ingenieria Civil 
650 |z MEDIDORES 
999 |c 11571  |d 11571